<?xml version="1.0" encoding="UTF-8"?><?xml-stylesheet type="text/xsl" href="static/style.xsl"?><OAI-PMH xmlns="http://www.openarchives.org/OAI/2.0/" xmlns:xsi="http://www.w3.org/2001/XMLSchema-instance" xsi:schemaLocation="http://www.openarchives.org/OAI/2.0/ http://www.openarchives.org/OAI/2.0/OAI-PMH.xsd"><responseDate>2026-04-18T03:49:41Z</responseDate><request verb="GetRecord" identifier="oai:www.recercat.cat:20.500.12327/243" metadataPrefix="marc">https://recercat.cat/oai/request</request><GetRecord><record><header><identifier>oai:recercat.cat:20.500.12327/243</identifier><datestamp>2025-10-22T11:18:21Z</datestamp><setSpec>com_2072_4428</setSpec><setSpec>com_2072_4427</setSpec><setSpec>col_2072_487898</setSpec></header><metadata><record xmlns="http://www.loc.gov/MARC21/slim" xmlns:dcterms="http://purl.org/dc/terms/" xmlns:xsi="http://www.w3.org/2001/XMLSchema-instance" xmlns:doc="http://www.lyncode.com/xoai" xsi:schemaLocation="http://www.loc.gov/MARC21/slim http://www.loc.gov/standards/marcxml/schema/MARC21slim.xsd">
   <leader>00925njm 22002777a 4500</leader>
   <datafield ind2=" " ind1=" " tag="042">
      <subfield code="a">dc</subfield>
   </datafield>
   <datafield ind2=" " ind1=" " tag="720">
      <subfield code="a">Ojeda, Mónica</subfield>
      <subfield code="e">author</subfield>
   </datafield>
   <datafield ind2=" " ind1=" " tag="720">
      <subfield code="a">Etaio, Iñaki</subfield>
      <subfield code="e">author</subfield>
   </datafield>
   <datafield ind2=" " ind1=" " tag="720">
      <subfield code="a">Guerrero, Luis</subfield>
      <subfield code="e">author</subfield>
   </datafield>
   <datafield ind2=" " ind1=" " tag="720">
      <subfield code="a">Fernández-Gil, Mª Pilar</subfield>
      <subfield code="e">author</subfield>
   </datafield>
   <datafield ind2=" " ind1=" " tag="720">
      <subfield code="a">Pérez-Elortondo, Francisco José</subfield>
      <subfield code="e">author</subfield>
   </datafield>
   <datafield ind2=" " ind1=" " tag="260">
      <subfield code="c">2018-03-30</subfield>
   </datafield>
   <datafield ind2=" " ind1=" " tag="520">
      <subfield code="a">The aim of this work was to study the degree of agreement between consumer liking and the sensory quality scored by the trained panel in charge of the quality control of a traditional product (PDO Idiazabal cheese). Nine cheeses of different qualities were evaluated by eight trained assessors and by 212 consumers from Vitoria‐Gasteiz (Basque Country). Cheese samples were clearly different regarding overall sensory quality (OSQ) assessed by the trained panel. Regarding consumers, five groups with different correlation levels with OSQ were identified: “sweet” and “toasty” were the main sensory drivers leading the liking of the consumers with a higher positive correlation, whereas some defective characteristics (“animal,” “rancid,” and “bitter”) were the main drivers for consumers with higher negative correlation. These results suggest that it would be interesting for the Regulatory Council to strength the communicational strategies among consumers to be able to identify the typical and nontypical (mainly defects) characteristics of this traditional product, especially among those liking defective cheeses.</subfield>
   </datafield>
   <datafield ind1="8" ind2=" " tag="024">
      <subfield code="a">Ojeda, Mónica, Iñaki Etaio, Luis Guerrero, Mᵃ Pilar Fernández-Gil, and Francisco José Pérez-Elortondo. 2018. "Does Consumer Liking Fit The Sensory Quality Assessed By Trained Panelists In Traditional Food Products? A Study On PDO Idiazabal Cheese". Journal Of Sensory Studies 33 (2): e12318. Wiley. doi:10.1111/joss.12318.</subfield>
   </datafield>
   <datafield ind1="8" ind2=" " tag="024">
      <subfield code="a">0887-8250</subfield>
   </datafield>
   <datafield ind1="8" ind2=" " tag="024">
      <subfield code="a">http://hdl.handle.net/20.500.12327/243</subfield>
   </datafield>
   <datafield ind1="8" ind2=" " tag="024">
      <subfield code="a">https://doi.org/10.1111/joss.12318</subfield>
   </datafield>
   <datafield ind2="0" ind1="0" tag="245">
      <subfield code="a">Does consumer liking fit the sensory quality assessed by trained panelists in traditional food products? A study on PDO Idiazabal cheese</subfield>
   </datafield>
</record></metadata></record></GetRecord></OAI-PMH>